Výber z diela. 4., O ľuďoch a knihách /

Main Author: Krčméry, Štefan, 1892-1955
Language: Slovak
Published: Bratislava : Slovenske vydavateľstvo krásnej literatúry, 1955
Edition: 1. vyd.
Physical Description: 499 s.
Book
Saved in:
LEADER 01201nam a22003612a 4500
001 001461850
003 CZ BrMZK
005 20150317083734.0
007 ta
008 150317s1955 xo er|||||||||||slo d
040 |a ABA012  |b cze  |d ABA012  |d ULD001  |d BOA001 
072 7 |a 82.0  |x Literatura (teorie)  |2 Konspekt  |9 11 
072 7 |a 929  |x Biografie  |2 Konspekt  |9 8 
080 |a 75.071.1  |2 MRF 
080 |a 82-051  |2 MRF 
080 |a 82.09  |2 MRF 
080 |a (092)  |2 MRF 
080 |a (049.2)  |2 MRF 
100 1 |a Krčméry, Štefan,  |d 1892-1955  |7 jn20000703140  |4 aut 
245 1 0 |a Výber z diela.  |n 4.,  |p O ľuďoch a knihách /  |c Štefan Krčméry 
246 3 0 |a O ľuďoch a knihách 
250 |a 1. vyd. 
260 |a Bratislava :  |b Slovenske vydavateľstvo krásnej literatúry,  |c 1955 
300 |a 499 s. 
650 0 7 |a literárněvědné rozbory  |7 ph138745  |2 czenas 
650 0 7 |a spisovatelé  |7 ph125911  |2 czenas 
650 0 7 |a malíři  |7 ph122596  |2 czenas 
655 7 |a kritiky  |7 fd180917  |2 czenas 
655 7 |a biografie  |7 fd131909  |2 czenas 
910 |a BOA001  |b 2-0317.790,4 
990 |a BK 
991 |b 201503 
996 7 |b 2618812145  |c 2-0317.790,4  |l MZK  |r Sklad / do 24 hodin  |n 0  |w 001496768  |u 000010  |a 1  |e BOA001  |j MZK50  |s A